000 00331nam a2200121Ia 4500
008 240624s9999 xx 000 0 und d
041 _aeng
082 _a658.5 MAR
100 _aMARTINICH JOSEPH S
245 _aPRODUCTION AND OPERATIONS MANAGEMENT AN
260 _c2003
_aSingapore
_bJohn Wiley
300 _axxii, : 875 : p. : cm. ; 24
999 _c5191
_d5191